| 000 | 00638nam a22001337a 4500 | ||
|---|---|---|---|
| 040 | _cRUA | ||
| 082 | _aVEM PAK 2015 B481 Or.1 | ||
| 100 | _aPAK SOMNANG; ប៉ាក សំណាង | ||
| 245 | _aStudy on cattle's endoparasites in kong pisei district, kampong spue province, ការសិក្សាពីវត្តមានបរាសិតខាងក្នុង នៅស្រុកគងពិសី ខេត្តកំពង់ស្ពឺ | ||
| 260 |
_aPhnom Penh _bRUA _c2015 |
||
| 300 |
_ax,44p. _bill. _c29cm. |
||
| 856 | _uhttps://drive.google.com/file/d/1SI16C0oAZCcy_mlJBfQsTKQH-NIxBH0n/view?usp=sharing | ||
| 942 | _cVEM | ||
| 999 |
_c8170 _d8170 |
||